Возможности LMS Moodle при адаптационной языковой подготовке в техническом вузе; Язык. Общество. Образование

গ্রন্থ-পঞ্জীর বিবরন
Parent link:Язык. Общество. Образование.— 2021.— [С. 265-270]
প্রধান লেখক: Маркова Н. А. Наталия Александровна
সংস্থা লেখক: Национальный исследовательский Томский политехнический университет Школа базовой инженерной подготовки Отделение иностранных языков
অন্যান্য লেখক: Сидоренко Т. В. Татьяна Валерьевна (научный руководитель)
সংক্ষিপ্ত:Заглавие с экрана
В статье рассмотрены вопросы организации и сопровождения адаптационного курса по английскому языку в техническом вузе. Автор отмечает эффективность и востребованность курса «English for Starters» на платформе LMS Moodle, как средство успешной академической адаптации студентов и повышения качества обучения. Представлены рекомендации для конструирования адаптационного курса.
ভাষা:রুশ
প্রকাশিত: 2021
মালা:Традиции и инновации в методике обучения иностранным языкам
বিষয়গুলি:
অনলাইন ব্যবহার করুন:http://earchive.tpu.ru/handle/11683/69274
বিন্যাস: MixedMaterials বৈদ্যুতিক গ্রন্থের অধ্যায়
KOHA link:https://koha.lib.tpu.ru/cgi-bin/koha/opac-detail.pl?biblionumber=634040

MARC

LEADER 00000naa2a2200000 4500
001 634040
005 20231221132956.0
035 |a (RuTPU)RU\TPU\conf\35790 
035 |a RU\TPU\conf\35789 
090 |a 634040 
100 |a 20211222d2021 k y0rusy50 ca 
101 0 |a rus 
102 |a RU 
105 |a y z 101zy 
135 |a drcn ---uucaa 
181 0 |a i  
182 0 |a b 
200 1 |a Возможности LMS Moodle при адаптационной языковой подготовке в техническом вузе  |f Н. А. Маркова  |g науч. рук. Т. В. Сидоренко 
203 |a Текст  |c электронный 
225 1 |a Традиции и инновации в методике обучения иностранным языкам 
300 |a Заглавие с экрана 
320 |a [Библиогр.: с. 270 (3 назв.)] 
330 |a В статье рассмотрены вопросы организации и сопровождения адаптационного курса по английскому языку в техническом вузе. Автор отмечает эффективность и востребованность курса «English for Starters» на платформе LMS Moodle, как средство успешной академической адаптации студентов и повышения качества обучения. Представлены рекомендации для конструирования адаптационного курса. 
463 0 |0 (RuTPU)RU\TPU\conf\35746  |t Язык. Общество. Образование  |o сборник научных трудов II Международной научно-практической конференции "Лингвистические и культурологические аспекты современного инженерного образования", Томск, 10-12 ноября 2021 г.  |f Национальный исследовательский Томский политехнический университет (ТПУ); гл. ред. Ю. В. Кобенко  |v [С. 265-270]  |d 2021 
610 1 |a электронный ресурс 
610 1 |a труды учёных ТПУ 
610 1 |a LMS Moodle 
610 1 |a языковая подготовка 
610 1 |a адаптация 
610 1 |a онлайн-курсы 
610 1 |a английский язык 
610 1 |a технические вузы 
700 1 |a Маркова  |b Н. А.  |c лингвист  |c преподаватель Томского политехнического университета  |f 1976-  |g Наталия Александровна  |3 (RuTPU)RU\TPU\pers\32549  |9 16471 
702 1 |a Сидоренко  |b Т. В.  |c лингвист  |c доцент Томского политехнического университета, кандидат педагогических наук  |f 1976-  |g Татьяна Валерьевна  |4 727 
712 0 2 |a Национальный исследовательский Томский политехнический университет  |b Школа базовой инженерной подготовки  |b Отделение иностранных языков  |3 (RuTPU)RU\TPU\col\23510 
801 2 |a RU  |b 63413507  |c 20211224  |g RCR 
856 4 |u http://earchive.tpu.ru/handle/11683/69274 
942 |c BK